01389nam a2200361Ia 4500001001200000003000800012006001900020007001500039008004100054010001700095020001500112040002100127035002100148050003200169082001200201245009400213250001200307260007800319300002900397490001700426500002100443504005100464533015200515650001900667650001700686655002900703700001900732710009600751710001700847830001800864856012600882999001901008ebr10111420CaPaEBRm u cr cn|||||||||040719s2003 caua sb 001 0 eng d z 2004556151 z0738499250 aCaPaEBRcCaPaEBR a(OCoLC)56007626914aQA76.8.I1015bI24185 2003eb04a00422200aIBM eserver pSeries systems handbookh[electronic resource] /cScott Vetter ... [et al.]. a3rd ed. aSan Jose, CA :bIBM, International Technical Support Organization,c2003. axxxviii, 1018 p. :bill.1 aIBM redbooks a"December 2003." aIncludes bibliographical references and index. aElectronic reproduction.bPalo Alto, Calif. :cebrary,d2010.nAvailable via World Wide Web.nAccess may be limited to ebrary affiliated libraries. 0aIBM computers. 0aWeb servers. 7aElectronic books.2local1 aVetter, Scott.2 aInternational Business Machines Corporation.bInternational Technical Support Organization.2 aebrary, Inc. 0aIBM redbooks.40uhttp://site.ebrary.com/lib/rucke/Doc?id=10111420zAn electronic book accessible through the World Wide Web; click to view c105983d105983